[Event "FRA-ch U18"]
[Site "Le Grand Bornand"]
[Date "2007.04.11"]
[Round "5"]
[White "Rocland, Theo"]
[Black "Guilleux, Fabien"]
[Result "0-1"]
[WhiteElo "1954"]
[BlackElo "2203"]
[PlyCount "56"]
[EventDate "2007.04.07"]
[EventType "swiss"]
[EventRounds "9"]
[EventCountry "FRA"]
[SourceTitle "CBM 118 Extra"]
[Source "ChessBase"]
[SourceDate "2007.07.04"]
[SourceVersion "1"]
[SourceVersionDate "2007.07.04"]
[SourceQuality "1"]

1. d4 Nf6 2. Nc3 d5 3. e4 dxe4 4. f3 c6 5. fxe4 e5 6. Nf3 exd4 7. Qxd4 Qxd4 8. Nxd4 Bb4 9. Bd3 0-0 10. Nde2 Re8 11. Bd2 Bg4 12. Ng3 Nbd7 13. a3 Bc5 14. h3 Bd6 15. Kf2 Bc5+ 16. Be3 Bh5 17. Rhe1 Bg6 18. Rad1 Bxe3+ 19. Rxe3 Ne5 20. Nf5 Bxf5 21. exf5 Neg4+ 22. hxg4 Nxg4+ 23. Kf3 Nxe3 24. Re1 Nd5 25. Rh1 Nxc3 26. bxc3 Re5 27. f6 g6 28. g4 Rae8 0-1

[Event "FRA-ch op-B"]
[Site "Chartres"]
[Date "2005.??.??"]
[Round "5"]
[White "Rocland, Theo"]
[Black "Mestdagh, Franck"]
[Result "0-1"]
[WhiteElo "1830"]
[BlackElo "1924"]
[PlyCount "72"]
[EventDate "2005.08.15"]
[EventType "swiss"]
[EventRounds "11"]
[EventCountry "FRA"]
[SourceTitle "EXT 2006"]
[Source "ChessBase"]
[SourceDate "2005.11.24"]
[SourceVersion "1"]
[SourceVersionDate "2005.11.24"]
[SourceQuality "1"]

1. e4 c5 2. Nf3 d6 3. d4 cxd4 4. Nxd4 Nf6 5. Nc3 a6 6. Bg5 e6 7. f4 Be7 8. Qf3 Qc7 9. 0-0-0 Nbd7 10. g4 h6 11. Bh4 b5 12. Bd3 Bb7 13. g5 hxg5 14. Bxg5 b4 15. Nce2 Nc5 16. Ng3 Rc8 17. Kb1 Qb6 18. h4 Na4 19. Nb3 a5 20. Qe2 Bc6 21. Rhe1 0-0 22. Nh5 Rfd8 23. Rg1 Kf8 24. Nxg7 Nc3+ 25. bxc3 bxc3 26. Ka1 a4 27. Bh6 axb3 28. cxb3 Ra8 29. Qc2 Rxa2+ 30. Qxa2 Ra8 31. Nh5+ Ke8 32. Nxf6+ Bxf6 33. Rg8+ Ke7 34. Qxa8 c2+ 35. Ka2 Bxa8 36. Bxc2 Qa5+ 0-1